Customer-based brand equity of the sportswear market in Malaysia /
Saved in:
| Main Author: | |
|---|---|
| Format: | Thesis Book |
| Language: | English |
| Published: |
2010.
|
| Subjects: | |
| Online Access: | http://studentsrepo.um.edu.my/id/eprint/1594 |
| Tags: |
Add Tag
No Tags, Be the first to tag this record!
|
| LEADER | 01434cam a2200325 a 4500 | ||
|---|---|---|---|
| 001 | u797640 | ||
| 003 | SIRSI | ||
| 005 | 201010041603 | ||
| 008 | 101004s2010 my a t 000 0 eng m | ||
| 040 | |a UMM |d UMK |d AUM |e rda | ||
| 043 | |a a-my--- | ||
| 090 | |a HF1008 |b UM 2010 Emiru | ||
| 098 | |a HF1008 |b UM 2010 Emiru | ||
| 100 | 0 | |a Emilia Rosemera Uzir. | |
| 245 | 1 | 0 | |a Customer-based brand equity of the sportswear market in Malaysia / |c Emilia Rosemera bt. Uzir. |
| 260 | |c 2010. | ||
| 300 | |a xi, 84, [22] leaves : |b ill. ; |c 30 cm. | ||
| 502 | |a Dissertation (M.B.A.) -- Sekolah Perniagaan Pascasiswazah, Fakulti Perniagaan dan Perakaunan, Universiti Malaya, 2010. | ||
| 504 | |a Bibliography: leaves i-ix. | ||
| 530 | |a Also issued in CD. | ||
| 650 | 0 | |a Branding (Marketing) |z Malaysia |v Case studies. | |
| 650 | 0 | |a Brand name products |x Valuation |z Malaysia. | |
| 650 | 0 | |a Sport clothes |z Malaysia |x Marketing. | |
| 710 | 2 | |a Universiti Malaya. |b Sekolah Perniagaan Pascasiswazah. | |
| 856 | 4 | 1 | |u http://studentsrepo.um.edu.my/id/eprint/1594 |
| 900 | |a SJMK-ZA | ||
| 596 | |a 1 19 25 | ||
| 999 | |a HF1008 UM 2010 EMIRU |w LC |c 1 |i A514486674 |d 10/1/2011 |f 10/1/2011 |g 1 |l STACKS |m P01UTAMA |r Y |s Y |t TESIS |u 5/1/2011 | ||
| 999 | |a HF1008 UM 2010 EMIRU |w LC |c 1 |i A514486572 |d 10/7/2012 |f 10/7/2012 |g 2 |l STACKS |m P19KOTA |r Y |s Y |t TESIS |u 1/4/2011 | ||
| 999 | |a HF1008 UM 2010 EMIRU |w LC |c 1 |i A514567537 |l STACKS |m P25UMARCHI |r N |s Y |t CD |u 29/1/2019 |1 AHSS |o .STAFF. MST-CD338 | ||
